Ordenanza municipal reguladora de las actividades e instalaciones de radiocomunicación : publicada en el B.O.P. núm. 125, de 25 de mayo de 2002 publicada en el B.O.P. núm. 125, de 25 de mayo de 2002
Publicado:
Barcelona :
Diputació de Barcelona. Institut de Gestió Urbanística i Activitats Locals ,
2002
Descripción Física:
57 p. ; 30 cm
Otros Autores:
Centre d'Informació i Documentació Oficials
MARC
| LEADER | 00000nam a2200000Ia 4500 | ||
|---|---|---|---|
| 001 | 22267 | ||
| 008 | 160829s2002 xx 000 0 cat d | ||
| 080 | |a C-3-261 | ||
| 245 | |a Ordenanza municipal reguladora de las actividades e instalaciones de radiocomunicación : |b publicada en el B.O.P. núm. 125, de 25 de mayo de 2002 | ||
| 260 | |a Barcelona : |b Diputació de Barcelona. Institut de Gestió Urbanística i Activitats Locals, |c 2002 | ||
| 300 | |a 57 p. ; |c 30 cm | ||
| 590 | |a A la part inferior de la portada: Segunda versión | ||
| 650 | 0 | |a Telecomunicació |x Dret i legislació |9 32697 | |
| 650 | |a Camps electromagnètics |x Dret i legislació |9 32698 | ||
| 650 | |a Telefonia mòbil |x Dret i legislació |9 32699 | ||
| 700 | |a Centre d'Informació i Documentació Oficials |9 32700 | ||
| 710 | |a Barcelona (Catalunya : Província). |b Institut d'Edicions |9 53854 | ||
| 901 | |a Arxiu | ||
| 942 | |n 1 | ||
| 952 | |0 0 |1 0 |4 0 |6 C3261 |7 1 |9 48338 |a Arxiu |b Arxiu |d 2016-12-01 |l 0 |o C-3-261 |p 22267 |r 2016-12-01 00:00:00 |w 2016-12-01 |y ARXIU | ||
| 999 | |c 52144 |d 52144 | ||